'EA' or 'IA'? Quiz Stats

 Plays Quiz Updated Sep 24, 2015

Also try: 'EI' or 'IE'?
Challenge
Share
Tweet
Embed
Score 0/30 Timer 03:00
0 Plays Today
Word Answer % Correct
South Kor_a???
95.2%
Victor_a???
92.2%
Maf_a???
92.1%
Insomn_a???
91.8%
Naus_a???
91.7%
Mongol_a???
91.6%
Magnol_a???
91.1%
Tanzan_a???
90.7%
Pizzer_a???
90.4%
Ik_a???
89.5%
Corn_a???
89.1%
Guin_a???
88.9%
Tib_a???
88.2%
Gonorrh_a???
88.2%
Ambros_a???
88.1%
Word Answer % Correct
Nymphoman_a???
87.3%
Trach_a???
86.9%
Rh_a???
85.8%
Panac_a???
85.4%
Anorex_a???
85.1%
Apn_a???
84.3%
Euphor_a???
84%
Macadam_a???
83.1%
Azal_a???
82.3%
Diarrh_a???
80.4%
Poinsett_a???
77.8%
Hydrang_a???
75.2%
Echinac_a???
73.4%
Chimin_a???
67%
Nutr_a???
64.1%

You're not logged in!

Compare scores with friends on all Sporcle quizzes.
OR
Log In

You Might Also Like...

Show Comments

Extras

Top Quizzes Today


Score Distribution

Your Account Isn't Verified!

In order to create a playlist on Sporcle, you need to verify the email address you used during registration. Go to your Sporcle Settings to finish the process.

Report this User

Report this user for behavior that violates our Community Guidelines.

Details: